El teatro (Record no. 157928)

MARC details
000 -LEADER
campo de control de longitud fija 00943nam a22002175i 4500
001 - NÚMERO DE CONTROL
campo de control 157928
003 - IDENTIFICADOR DE NÚMERO DE CONTROL
campo de control ES-MaACL
005 - FECHA Y HORA DE LA ÚLTIMA TRANSACCIÓN
campo de control 20250824012600.0
008 - DATOS DE LONGITUD FIJA--INFORMACIÓN GENERAL
campo de control de longitud fija 990413s1845 sp |||| | spa d
040 ## - FUENTE DE CATALOGACIÓN
Centro catalogador/agencia de origen CCPB | B
Lengua de catalogación spa
Centro/agencia transcriptor CCPB | B
100 1# - ENTRADA PRINCIPAL--NOMBRE DE PERSONA
Nombre de persona Lombía, Juan.
9 (RLIN) 129044
245 13 - MENCIÓN DEL TÍTULO
Título El teatro
Resto del título : origen, índole é importancia de esta institucion en las sociedades cultas ... /
Mención de responsabilidad, etc. por Juan Lombia.
260 ## - PUBLICACIÓN, DISTRIBUCIÓN, ETC.
Lugar de publicación, distribución, etc. Madrid :
Nombre del editor, distribuidor, etc. [s.n.],
Fecha de publicación, distribución, etc. 1545 [i.e. 1845] (
Fabricante Imprenta de Sanchiz)
300 ## - DESCRIPCIÓN FÍSICA
Extensión 230 p. ;
Dimensiones 23 cm.
530 ## - NOTA DISPONIBLE DE FORMULARIO FÍSICO ADICIONAL
Nota de formato físico adicional disponible Disponible también en sitio web.
596 ## - NOTA AL PIE DE IMPRENTA
NOTA AL PIE DE IMPRENTA En la cub. consta el año 1845.
650 #7 - PUNTO DE ACCESO ADICIONAL DE MATERIA--TÉRMINO DE MATERIA
Término de materia o nombre geográfico como elemento de entrada Teatro
Fuente del encabezamiento o término embne
9 (RLIN) 17290
852 ## - LOCALIZACIÓN
Ubicación ES-MaACL
Número de control de estantería Z-1-F-8
Nota libre -- Sin enc.
-- -- Dedicatoria ms. del autor a Francisco Blanco
Encuadernación Olim: 1496-F-6
856 ## - LOCALIZACIÓN Y ACCESO ELECTRÓNICOS
Identificador Uniforme de Recursos <a href="http://bibliotecadigitalhispanica.bne.es:80/webclient/DeliveryManager?pid=1836866&custom_att_2=simple_viewer">http://bibliotecadigitalhispanica.bne.es:80/webclient/DeliveryManager?pid=1836866&custom_att_2=simple_viewer</a>
Nota pública Ir a la página
Holdings
Estatus retirado Estado de pérdida Estado de daño No para préstamo Colección Biblioteca de origen Biblioteca actual Ubicación en estantería Fecha de adquisición Total de préstamos Signatura topográfica completa Código de barras Visto por última vez Precio de reemplazo Tipo de ítem Koha
        Colección digital Biblioteca del Ateneo de Madrid Biblioteca del Ateneo de Madrid Depósito Z 17/01/2008   Z-1-F-8 1165283 23/02/2023 23/02/2023 Libro impreso antiguo